Quantitative measurements for logistics

Đã lưu trong:
Bibliografiske detaljer
Hovedforfatter: Frohne, Philip T.
Format: Bog
Sprog:Undetermined
Udgivet: New York McGraw-Hill 2008
Fag:
Tags: Tilføj Tag
Ingen Tags, Vær først til at tagge denne postø!
Thư viện lưu trữ: Trung tâm Học liệu Trường Đại học Cần Thơ
LEADER 00606nam a2200193Ia 4500
001 CTU_133802
008 210402s9999 xx 000 0 und d
020 |c 60.47 
082 |a 658.5 
082 |b F928 
100 |a Frohne, Philip T. 
245 0 |a Quantitative measurements for logistics 
245 0 |c Philip T. Frohne ; SOLE--The International Society of Logistics 
260 |a New York 
260 |b McGraw-Hill 
260 |c 2008 
650 |a Measurement,Business logistics,Đo lường,Hậu cần kinh doanh 
904 |i QHieu 
980 |a Trung tâm Học liệu Trường Đại học Cần Thơ